000 00642nam a22002177a 4500
003 UA-OsUOA
001 112194
007 ta
008 20150622b un ||||| |||| 00| 0 ukr d
100 _aГнатюк М.
090 _a82
_bГ56
942 _cSA
040 _aUA-OsUOA
_bukr
_cUA-OsUOA
_dUA-OsUOA
245 _aРічник "Теорія літератури: концепції, інтерпритації": досвід та перспективи
300 _aС.117-120
955 _a0
041 _aukr
080 _a82
773 0 _w112185
650 7 _a82 Література. Літературознавство
_2UDC
999 _c398296
_d398296